[Event "BL 8990 Hofheim-Koblenz"]
[Site "?"]
[Date "1989.??.??"]
[Round "?.1"]
[White "Garcia Palermo, C."]
[Black "Zude, A."]
[Result "1-0"]
[WhiteElo "2465"]
[BlackElo "2325"]
[PlyCount "143"]
[EventDate "1989.??.??"]

1. d4 Nf6 2. c4 e6 3. Nc3 d5 4. Bg5 Be7 5. e3 Nbd7 6. Rc1 h6 7. Bf4 c6 8. Nf3
O-O 9. Bd3 dxc4 10. Bxc4 Nb6 11. Bb3 Nbd5 12. Be5 Nxc3 13. bxc3 Qa5 14. O-O Rd8
15. c4 c5 16. d5 b5 17. Bxf6 Bxf6 18. cxb5 Qxb5 19. Qc2 exd5 20. Qxc5 Ba6 21.
Qxb5 Bxb5 22. Rfd1 Bc4 23. Bxc4 dxc4 24. Rxd8+ Rxd8 25. Kf1 c3 26. Ke2 Rd5 27.
e4 Ra5 28. Rc2 g5 29. h3 Kg7 30. Kd3 Kg6 31. Ng1 Be5 32. Ne2 f5 33. exf5+ Kxf5
34. Kc4 Ra3 35. f3 h5 36. Kb4 Bd6+ 37. Kb5 Be5 38. Kb4 Bd6+ 39. Kc4 Be5 40. g4+
hxg4 41. hxg4+ Kf6 42. Nc1 Ra4+ 43. Kb3 Ra6 44. Nd3 Rb6+ 45. Kc4 Rb2 46. Ne1
Ke6 47. Kd3 Rb8 48. Ng2 Rd8+ 49. Ke2 Kd5 50. Ne3+ Kc5 51. Nd1 Kb4 52. Nf2 Rd2+
53. Rxd2 cxd2 54. Kxd2 Ka3 55. Kc2 Kxa2 56. Ne4 Bf4 57. Nc3+ Ka1 58. Nb5 a6 59.
Nc3 Be5 60. Ne4 Bf4 61. Nc5 Bd6 62. Nxa6 Ka2 63. Kc3 Kb1 64. Kd4 Kc2 65. Nc5
Kd2 66. Ne4+ Ke2 67. Nxg5 Bf4 68. Ke4 Bxg5 69. f4 Be7 70. g5 Kf2 71. g6 Bf8 72.
f5 1-0

[Event "BL 8990 Hofheim-Koblenz"]
[Site "?"]
[Date "1989.??.??"]
[Round "?.2"]
[White "Buchal, S."]
[Black "Braga, F."]
[Result "0-1"]
[WhiteElo "2335"]
[BlackElo "2470"]
[PlyCount "54"]
[EventDate "1989.??.??"]

1. g3 e5 2. Bg2 Nf6 3. e4 Nc6 4. Nc3 Bc5 5. Nge2 a6 6. O-O d6 7. Nd5 O-O 8. c3
Nxd5 9. exd5 Ne7 10. d4 Ba7 11. dxe5 dxe5 12. c4 Nf5 13. b3 Re8 14. Bb2 e4 15.
Rc1 Bc5 16. Kh1 e3 17. f3 Qd6 18. Qd3 Bd7 19. Rce1 Qg6 20. Qc3 a5 21. a3 c6 22.
b4 axb4 23. axb4 Bf8 24. Kg1 cxd5 25. Nf4 d4 26. Qd3 Qd6 27. c5 Qa6 0-1

[Event "BL 8990 Hofheim-Koblenz"]
[Site "?"]
[Date "1989.??.??"]
[Round "?.3"]
[White "Seul, G."]
[Black "Troltenier, D."]
[Result "1/2-1/2"]
[WhiteElo "2355"]
[BlackElo "2300"]
[PlyCount "139"]
[EventDate "1989.??.??"]

1. Nf3 d5 2. b3 Nf6 3. Bb2 e6 4. g3 Be7 5. Bg2 O-O 6. O-O c5 7. c4 Nc6 8. e3 b6
9. Qe2 Bb7 10. Rd1 Rc8 11. d3 Rc7 12. Nc3 Rd7 13. cxd5 Nxd5 14. Nxd5 Rxd5 15.
d4 Rd7 16. dxc5 Bxc5 17. Rxd7 Qxd7 18. Ng5 Qe7 19. Qg4 e5 20. Rd1 Bd6 21. Qh4
h6 22. Ne4 Qxh4 23. gxh4 Bb8 24. Ng3 Rd8 25. Rxd8+ Nxd8 26. Nf5 Bxg2 27. Kxg2
Nc6 28. Kf3 g6 29. Ng3 f5 30. e4 f4 31. Ne2 Kf7 32. Nc3 Bd6 33. Nd5 h5 34. Bc3
Be7 35. Nxe7 Kxe7 36. Ke2 Kd6 37. Kd3 Kc5 38. a4 a6 39. Bb2 Kb4 40. Kc2 Kc5 41.
Kd3 Kb4 42. Kc2 b5 43. axb5 axb5 44. f3 Kc5 45. Kd3 Kd6 46. Bc3 Ke6 47. Kd2 Kf6
48. Ke2 Nd8 49. Ba5 Nc6 50. Bb6 Ke6 51. Kd3 Kd6 52. Kc3 Kd7 53. Kd3 Kc8 54. Kc3
Kb7 55. Bc5 Kc7 56. Bf2 Nd8 57. Kd3 Kd6 58. Ba7 Kc7 59. Kd2 Ne6 60. Kd3 Kb7 61.
Bg1 Ka6 62. Bf2 Ka5 63. Be1+ Kb6 64. Bf2+ Kc6 65. Ba7 g5 66. hxg5 Nxg5 67. Ke2
h4 68. Bf2 h3 69. Ba7 Ne6 70. Kd3 1/2-1/2

[Event "BL 8990 Hofheim-Koblenz"]
[Site "?"]
[Date "1989.??.??"]
[Round "?.4"]
[White "Schmitzer, K."]
[Black "Wolf, V."]
[Result "1/2-1/2"]
[WhiteElo "2305"]
[BlackElo "2340"]
[PlyCount "124"]
[EventDate "1989.??.??"]

1. d4 Nf6 2. c4 g6 3. Nc3 Bg7 4. e4 d6 5. f3 O-O 6. Be3 e5 7. Nge2 exd4 8. Nxd4
Nc6 9. Qd2 Nxd4 10. Bxd4 Be6 11. Be2 c5 12. Be3 Qa5 13. Nb5 Qxd2+ 14. Bxd2 Ne8
15. O-O-O a6 16. Na3 f5 17. exf5 Bxf5 18. Rhe1 b5 19. g4 Bd7 20. f4 Bc6 21. g5
Rb8 22. b3 b4 23. Nc2 a5 24. h4 a4 25. Bg4 axb3 26. axb3 Bc3 27. Rf1 Be4 28.
Rde1 Bd3 29. Rf3 Bxd2+ 30. Kxd2 Bxc2 31. Kxc2 Ng7 32. Rd1 Rb6 33. Ra1 Re8 34.
Kd3 Nf5 35. Bxf5 gxf5 36. Ra7 Re4 37. Re3 d5 38. cxd5 c4+ 39. Ke2 cxb3 40. Rxe4
fxe4 41. Ra1 Rd6 42. Ke3 Rxd5 43. Rb1 Rd3+ 44. Kxe4 Rh3 45. Kf5 Kf7 46. h5 Rg3
47. h6 Rc3 48. Rb2 Rc5+ 49. Kg4 Rc3 50. Kf5 Rc5+ 51. Kg4 Rc3 52. f5 Rd3 53. Rg2
Rd1 54. Kf4 Rf1+ 55. Ke5 Re1+ 56. Kd5 Rh1 57. Kc4 b2 58. Rxb2 Rg1 59. g6+ hxg6
60. Rh2 Kg8 61. fxg6 Rxg6 62. Kxb4 Kh7 1/2-1/2

[Event "BL 8990 Hofheim-Koblenz"]
[Site "?"]
[Date "1989.??.??"]
[Round "?.5"]
[White "Schulz, KJ."]
[Black "Zude, E."]
[Result "1/2-1/2"]
[WhiteElo "2350"]
[BlackElo "2325"]
[PlyCount "102"]
[EventDate "1989.??.??"]

1. c4 Nf6 2. Nc3 g6 3. g3 Bg7 4. Bg2 O-O 5. d4 c5 6. Nf3 cxd4 7. Nxd4 Nc6 8.
O-O Ng4 9. e3 d6 10. b3 Nxd4 11. exd4 Nh6 12. Bb2 Nf5 13. Ne2 Rb8 14. Qc2 e6
15. c5 Qc7 16. b4 b6 17. c6 Ba6 18. d5 Bxb2 19. Qxb2 Bc4 20. dxe6 fxe6 21. Rfe1
b5 22. Nf4 Rbe8 23. Rac1 Qf7 24. a4 g5 25. axb5 Bxb5 26. Nh3 h6 27. Qd2 Qc7 28.
f4 g4 29. Nf2 h5 30. Ne4 h4 31. Qd1 Re7 32. Qxg4+ Rg7 33. Ng5 Rf6 34. Rxe6 Rxe6
35. Bd5 Qb6+ 36. Kh1 Qe3 37. Bxe6+ Qxe6 38. c7 Bc6+ 39. Rxc6 Qd5+ 40. Kg1 Qxc6
41. Qxf5 Qxc7 42. Qe6+ Kf8 43. Qh6 Kg8 44. Qe6+ Kf8 45. Qf6+ Ke8 46. gxh4 Qc1+
47. Kf2 Qd2+ 48. Kg3 Qe3+ 49. Kg4 Qe2+ 50. Kf5 Qd3+ 51. Kg4 Qe2+ 1/2-1/2

[Event "BL 8990 Hofheim-Koblenz"]
[Site "?"]
[Date "1989.??.??"]
[Round "?.6"]
[White "Wendel, S."]
[Black "Bayer, E."]
[Result "1/2-1/2"]
[WhiteElo "2255"]
[BlackElo "2355"]
[PlyCount "119"]
[EventDate "1989.??.??"]

1. e4 c5 2. Nf3 d6 3. c3 Nf6 4. Be2 Nc6 5. d3 Bg4 6. O-O e6 7. h3 Bxf3 8. Bxf3
Be7 9. Bf4 O-O 10. Nd2 Rc8 11. Bg3 b5 12. a3 a5 13. a4 b4 14. c4 Nd7 15. Nb3
Qc7 16. Qd2 Bf6 17. Bg4 Nd4 18. Nxd4 Bxd4 19. Kh1 Nb8 20. f4 Rce8 21. Rae1 Nc6
22. Bf3 Qd7 23. Kh2 Ne7 24. Bd1 d5 25. cxd5 exd5 26. e5 Nf5 27. Bg4 g6 28. Bf2
Bxf2 29. Qxf2 Rc8 30. b3 Rc7 31. Rc1 Rfc8 32. Rfd1 Qe6 33. Kg1 Rc6 34. Rc2 h5
35. Bxf5 Qxf5 36. Qf3 Qd7 37. Rdc1 R8c7 38. Qf2 Qc8 39. Qe3 c4 40. dxc4 dxc4
41. bxc4 Rxc4 42. Rxc4 Rxc4 43. Rxc4 Qxc4 44. f5 b3 45. fxg6 fxg6 46. Qb6 Qc1+
47. Kh2 Qf4+ 48. Kg1 Qc1+ 49. Kh2 b2 50. Qxg6+ Kf8 51. Qd6+ Kg7 52. Qf6+ Kg8
53. Qg6+ Kf8 54. Qd6+ Kg7 55. Qf6+ Kg8 56. Qg6+ Kf8 57. Qd6+ Kg7 58. Qf6+ Kg8
59. Qg6+ Kf8 60. Qf6+ 1/2-1/2

[Event "BL 8990 Hofheim-Koblenz"]
[Site "?"]
[Date "1989.??.??"]
[Round "?.7"]
[White "Doncevic, D."]
[Black "Haubt, G."]
[Result "0-1"]
[WhiteElo "2335"]
[BlackElo "2295"]
[PlyCount "76"]
[EventDate "1989.??.??"]

1. e4 e5 2. Nf3 Nf6 3. Nxe5 d6 4. Nf3 Nxe4 5. d4 d5 6. Bd3 Nc6 7. O-O Bg4 8.
Re1 f5 9. c4 Bb4 10. Nc3 O-O 11. cxd5 Bxf3 12. gxf3 Nxf2 13. Kxf2 Qh4+ 14. Kg2
Bd6 15. f4 Nxd4 16. Re3 Rf6 17. Rh3 Rg6+ 18. Rg3 Re8 19. Qg1 Bxf4 20. Bxf4 Qxf4
21. Rf1 Qd2+ 22. Qf2 Qxd3 23. Rd1 Qxd1 24. Nxd1 Re2 25. Rxg6 Rxf2+ 26. Kxf2
hxg6 27. Ke3 Nb5 28. Kf4 Kf7 29. Ke5 Ke7 30. Ne3 Nd6 31. a4 Nf7+ 32. Kd4 Ng5
33. Kc5 f4 34. Nc4 f3 35. Nd2 f2 36. Nf1 Nf3 37. a5 Kd7 38. b4 g5 0-1

[Event "BL 8990 München 36-Delmenhorst"]
[Site "?"]
[Date "1989.??.??"]
[Round "?.1"]
[White "Armas, I."]
[Black "Smejkal, J."]
[Result "1/2-1/2"]
[WhiteElo "2480"]
[BlackElo "2545"]
[PlyCount "23"]
[EventDate "1989.??.??"]

1. e4 e5 2. Nf3 Nc6 3. Bc4 Nf6 4. d3 Be7 5. O-O O-O 6. Bb3 d6 7. c3 d5 8. Qe2
dxe4 9. dxe4 Bg4 10. h3 Bh5 11. Nbd2 Nd7 12. Ba4 {.../49/} 1/2-1/2

[Event "BL 8990 München 36-Delmenhorst"]
[Site "?"]
[Date "1989.??.??"]
[Round "?.2"]
[White "Ftacnik, L."]
[Black "Hausner, I."]
[Result "1/2-1/2"]
[WhiteElo "2550"]
[BlackElo "2440"]
[PlyCount "46"]
[EventDate "1989.??.??"]

1. d4 d5 2. c4 e6 3. Nc3 Nf6 4. cxd5 Nxd5 5. e4 Nxc3 6. bxc3 c5 7. Nf3 cxd4 8.
cxd4 Nc6 9. Bc4 b5 10. Be2 Bb4+ 11. Bd2 Bxd2+ 12. Qxd2 a6 13. a4 bxa4 14. O-O
O-O 15. Rxa4 a5 16. Rb1 Bd7 17. Ra3 Qe7 18. Rba1 Rfd8 19. Qe3 Be8 20. Bd3 Qa7
21. e5 Nxd4 22. Be4 Nxf3+ 23. gxf3 Qxe3 1/2-1/2

[Event "BL 8990 München 36-Delmenhorst"]
[Site "?"]
[Date "1989.??.??"]
[Round "?.3"]
[White "Hermann, Man"]
[Black "Bastian, H."]
[Result "1/2-1/2"]
[WhiteElo "2360"]
[BlackElo "2340"]
[PlyCount "156"]
[EventDate "1989.??.??"]

1. e4 d6 2. d4 Nf6 3. Nc3 g6 4. Be2 Bg7 5. h4 Nc6 6. h5 gxh5 7. f3 e5 8. dxe5
Nxe5 9. Bg5 h6 10. Be3 h4 11. Nh3 Nh5 12. Qd2 Ng3 13. Rh2 Be6 14. Nf4 Bc4 15.
Bd3 Bxd3 16. cxd3 c6 17. Nce2 Nxe2 18. Qxe2 Qa5+ 19. Kf1 Ng6 20. Nxg6 fxg6 21.
Rxh4 O-O-O 22. a3 h5 23. b4 Qa4 24. Qd1 Qxd1+ 25. Rxd1 Bf6 26. Rh1 Kc7 27. a4
a6 28. Rc1 g5 29. Ke2 d5 30. b5 axb5 31. axb5 d4 32. Bd2 Ra8 33. bxc6 bxc6 34.
Rc5 Ra2 35. Rhc1 Ra6 36. Bxg5 Bxg5 37. Rxg5 Ra2+ 38. Kf1 h4 39. Rg6 h3 40.
Rcxc6+ Kb7 41. Rb6+ Ka7 42. gxh3 Rxh3 43. Kg1 Rxf3 44. Rbd6 Rf7 45. e5 Rb7 46.
Rg2 Rb1+ 47. Kh2 Rxg2+ 48. Kxg2 Re1 49. Rxd4 Rxe5 50. Rb4 Rf5 51. Kg3 Ka6 52.
Kg4 Rd5 53. Rb3 Ka5 54. Kf4 Ka4 55. Ke4 Rd8 56. Rb7 Re8+ 57. Kd5 Rd8+ 58. Kc5
Rc8+ 59. Kd4 Rd8+ 60. Ke4 Re8+ 61. Kf4 Rf8+ 62. Ke3 Re8+ 63. Kd2 Rd8 64. Rb6
Ka5 65. Rb7 Ka4 66. Rc7 Kb4 67. Rc4+ Kb5 68. Kc3 Rh8 69. Rc7 Kb6 70. Rg7 Kc5
71. Rg5+ Kd6 72. Kc4 Rc8+ 73. Kd4 Rh8 74. Rg6+ Kd7 75. Kc4 Rh5 76. d4 Rf5 77.
d5 Rf1 78. Kc5 Rc1+ 1/2-1/2

[Event "BL 8990 München 36-Delmenhorst"]
[Site "?"]
[Date "1989.??.??"]
[Round "?.4"]
[White "Pichler, J."]
[Black "Borik, O."]
[Result "1-0"]
[WhiteElo "2325"]
[BlackElo "2355"]
[PlyCount "111"]
[EventDate "1989.??.??"]

1. d4 Nf6 2. Nf3 g6 3. c3 Bg7 4. Bg5 O-O 5. Nbd2 d5 6. e3 c6 7. h3 Nbd7 8. Be2
Re8 9. Bf4 b6 10. O-O Bb7 11. Rc1 Rc8 12. b4 e6 13. Bh2 Qe7 14. Qb3 b5 15. a4
a6 16. Ne5 Nxe5 17. Bxe5 Bf8 18. Bf4 Nd7 19. e4 Qf6 20. Be3 Kh8 21. e5 Qg7 22.
Nf3 Be7 23. Ne1 f6 24. f4 Rf8 25. Nd3 Nb6 26. exf6 Rxf6 27. Nc5 Rc7 28. Rce1
Bd6 29. Bg4 Bc8 30. Bc1 Qf7 31. a5 Nc4 32. Nd3 Qg8 33. Qd1 Rf8 34. Re2 Re7 35.
Qe1 Bd7 36. Ref2 h5 37. Bd1 Ref7 38. Qe2 Qh7 39. Bc2 Qg7 40. Rf3 h4 41. Ne5 Rf6
42. Qe1 Qh7 43. Nxd7 Qxd7 44. Qxh4+ Kg7 45. Qg4 Kf7 46. h4 Rg8 47. Rg3 Ke8 48.
h5 g5 49. Rgf3 Qa7 50. fxg5 Ne5 51. Qh3 Nxf3+ 52. Rxf3 Rxf3 53. Qxf3 Qe7 54.
Bg6+ Kd7 55. Qf7 e5 56. Qxg8 1-0

[Event "BL 8990 München 36-Delmenhorst"]
[Site "?"]
[Date "1989.??.??"]
[Round "?.5"]
[White "Schlemermeyer, W."]
[Black "Goetz, R."]
[Result "0-1"]
[WhiteElo "2385"]
[BlackElo "2315"]
[PlyCount "66"]
[EventDate "1989.??.??"]

1. c4 c5 2. Nf3 Nf6 3. Nc3 Nc6 4. d4 cxd4 5. Nxd4 Qb6 6. Nb3 e6 7. e4 Bb4 8.
Be3 Qc7 9. f3 O-O 10. Be2 d5 11. exd5 exd5 12. c5 d4 13. Bxd4 Rd8 14. a3 Nxd4
15. axb4 Nxf3+ 16. Bxf3 Rxd1+ 17. Rxd1 Qe5+ 18. Ne2 Bg4 19. Nbd4 Bxf3 20. gxf3
Re8 21. Rd2 Nd5 22. b5 Nb4 23. c6 bxc6 24. bxc6 Qe3 25. Kd1 g6 26. Rf1 Rc8 27.
f4 Nxc6 28. Rf3 Qe8 29. f5 Nxd4 30. Nxd4 Qa4+ 31. b3 Qa1+ 32. Ke2 Re8+ 33. Kf2
Qe1+ 0-1

[Event "BL 8990 München 36-Delmenhorst"]
[Site "?"]
[Date "1989.??.??"]
[Round "?.6"]
[White "Roese, O."]
[Black "Wesseln, K."]
[Result "1/2-1/2"]
[WhiteElo "2345"]
[BlackElo "2315"]
[PlyCount "118"]
[EventDate "1989.??.??"]

1. e4 d5 2. exd5 Nf6 3. c4 e6 4. dxe6 Bxe6 5. Nf3 Nc6 6. Be2 Bc5 7. O-O Qd7 8.
b4 Bd4 9. Nc3 O-O-O 10. Qa4 Kb8 11. b5 Ne5 12. Nxe5 Bxe5 13. d4 Bxd4 14. Rd1
Ng4 15. Be3 Nxe3 16. fxe3 Bxe3+ 17. Kh1 Qe7 18. Bf3 Qh4 19. Ne4 f5 20. g3 Qe7
21. Nc3 f4 22. Nd5 Bxd5 23. Bxd5 fxg3 24. Qc2 Qh4 25. Qg2 Qxh2+ 26. Qxh2 gxh2
27. Kxh2 Bc5 28. Be4 Bd6+ 29. Kh3 Rde8 30. Re1 Re5 31. Bd5 Rh5+ 32. Kg4 g6 33.
Re4 Rf5 34. Rae1 c6 35. bxc6 bxc6 36. Bxc6 Kc7 37. Bd5 Rhf8 38. Rb1 Rf4+ 39.
Rxf4 Rxf4+ 40. Kg5 Rf5+ 41. Kh6 Rh5+ 42. Kg7 Be5+ 43. Kf7 Kd6 44. a4 g5 45. Rd1
Rh4 46. Be4+ Kc7 47. Bd5 Rf4+ 48. Ke6 Bd4 49. Rh1 Rf6+ 50. Ke7 h6 51. Rd1 Rf4
52. Rh1 Bg7 53. Rb1 g4 54. Rb7+ Kc8 55. Rxa7 Bd4 56. Ra6 Bc5+ 57. Ke6 Bd4 58.
Ke7 Bc5+ 59. Ke6 Bd4 1/2-1/2

[Event "BL 8990 München 36-Delmenhorst"]
[Site "?"]
[Date "1989.??.??"]
[Round "?.8"]
[White "Koepf, U."]
[Black "Ditt, E."]
[Result "1-0"]
[WhiteElo "2260"]
[BlackElo "2310"]
[PlyCount "78"]
[EventDate "1989.??.??"]

1. Nf3 g6 2. g3 Bg7 3. Bg2 f5 4. O-O Nf6 5. d3 Nc6 6. Nbd2 e5 7. e4 O-O 8. c3
d6 9. Qb3+ Kh8 10. Nh4 f4 11. Ndf3 Nh5 12. Re1 Qf6 13. g4 Bxg4 14. Qxb7 Ne7 15.
d4 g5 16. h3 Bxh3 17. Bxh3 gxh4 18. Kh1 Rg8 19. Rg1 Bh6 20. Bd2 Ng6 21. Qxc7
Rg7 22. Qc6 Rag8 23. dxe5 Nxe5 24. Nxe5 Qxe5 25. Qd5 Nf6 26. Qxe5 dxe5 27. Bf5
Rd8 28. Rxg7 Bxg7 29. Be1 Ne8 30. c4 Rd4 31. b3 Nd6 32. c5 Nxf5 33. exf5 e4 34.
c6 Rd5 35. Rc1 Be5 36. Bc3 Bxc3 37. Rxc3 Rd8 38. b4 Kg7 39. b5 Kf6 {ZÜ} 1-0

[Event "BL 8990 Bayern-HSK"]
[Site "?"]
[Date "1989.??.??"]
[Round "?.1"]
[White "Wahls, M."]
[Black "Huebner, R."]
[Result "1/2-1/2"]
[WhiteElo "2535"]
[BlackElo "2605"]
[PlyCount "72"]
[EventDate "1989.??.??"]

1. e4 c5 2. Nf3 Nc6 3. d4 cxd4 4. Nxd4 Nf6 5. Nc3 d6 6. Bc4 e6 7. Be3 a6 8. Qe2
Qc7 9. Bb3 Be7 10. O-O-O O-O 11. g4 Nxd4 12. Rxd4 b5 13. g5 Nd7 14. f4 Nc5 15.
f5 exf5 16. Bd5 Rb8 17. exf5 b4 18. g6 hxg6 19. fxg6 Be6 20. Bxe6 Nxe6 21. Nd5
Nxd4 22. Bxd4 Bg5+ 23. Kb1 Qb7 24. Qh5 Bh6 25. Nf6+ gxf6 26. Rg1 fxg6 27. Qxh6
Rf7 28. b3 Rc8 29. h4 Rh7 30. Rxg6+ Rg7 31. h5 Qh1+ 32. Kb2 Rxc2+ 33. Kxc2 Qe4+
34. Kc1 Qe1+ 35. Kb2 Qe2+ 36. Kc1 Qe1+ 1/2-1/2

[Event "BL 8990 Bayern-HSK"]
[Site "?"]
[Date "1989.??.??"]
[Round "?.2"]
[White "Ribli, Z."]
[Black "Maus, So"]
[Result "1-0"]
[WhiteElo "2605"]
[BlackElo "2395"]
[PlyCount "101"]
[EventDate "1989.??.??"]

1. g3 g6 2. Bg2 Bg7 3. c4 Nc6 4. Nc3 e5 5. Rb1 a5 6. a3 Nf6 7. b4 axb4 8. axb4
O-O 9. b5 Ne7 10. Nf3 d5 11. Nxe5 Bf5 12. Rb2 Ne4 13. f4 f6 14. Nf3 dxc4 15.
O-O Qd6 16. Qe1 Nxc3 17. dxc3 Be4 18. Qf2 f5 19. Rd2 Nd5 20. Bb2 Qb6 21. Qxb6
cxb6 22. Rc1 Ne3 23. Bh3 Ra5 24. Kf2 Nd5 25. Ng5 Nf6 26. Ne6 Rfa8 27. Rcd1 Rxb5
28. Nc7 Rxb2 29. Rxb2 Rc8 30. Ne6 Nd5 31. Nxg7 Kxg7 32. Rc1 Ra8 33. Bg2 Ra3 34.
Bxe4 fxe4 35. Rb5 Ra5 36. Rxa5 bxa5 37. Rb1 b6 38. Rb5 Nxc3 39. Rxb6 a4 40. Ra6
Nd1+ 41. Ke1 Ne3 42. Rxa4 Kf6 43. Ra5 c3 44. Rc5 c2 45. h3 h6 46. Kd2 Nf1+ 47.
Kxc2 Nxg3 48. Kd2 g5 49. fxg5+ hxg5 50. Ke3 Kg6 51. Re5 1-0

[Event "BL 8990 Bayern-HSK"]
[Site "?"]
[Date "1989.??.??"]
[Round "?.3"]
[White "Reefschlaeger, H."]
[Black "Kindermann, S."]
[Result "0-1"]
[WhiteElo "2395"]
[BlackElo "2530"]
[PlyCount "60"]
[EventDate "1989.??.??"]

1. e4 g6 2. d4 d6 3. Be3 Bg7 4. Nc3 c6 5. Qd2 b5 6. f3 Nd7 7. h4 h5 8. Nh3 Ngf6
9. Ng5 Qc7 10. Nd1 e5 11. c3 O-O 12. Nf2 d5 13. Be2 Bb7 14. O-O Rad8 15. Rad1
c5 16. dxe5 Nxe5 17. Bf4 dxe4 18. Bxe5 Rxd2 19. Bxc7 Rxe2 20. Bd6 Re8 21. Nfxe4
Rxb2 22. Nxc5 Ba8 23. Rf2 Rxf2 24. Kxf2 Nd5 25. Na6 Nxc3 26. Rd2 Rd8 27. Bf4
Rxd2+ 28. Bxd2 Nxa2 29. Ke3 Nc3 30. Bxc3 Bxc3 0-1

[Event "BL 8990 Bayern-HSK"]
[Site "?"]
[Date "1989.??.??"]
[Round "?.4"]
[White "Hickl, J."]
[Black "Wegner, H."]
[Result "1/2-1/2"]
[WhiteElo "2510"]
[BlackElo "2365"]
[PlyCount "60"]
[EventDate "1989.??.??"]

1. e4 e5 2. Nf3 Nc6 3. Bb5 Nf6 4. Qe2 a6 5. Ba4 Be7 6. c3 d6 7. O-O O-O 8. d4
Bd7 9. d5 Nb8 10. Bc2 c6 11. dxc6 bxc6 12. Rd1 Qc7 13. Nbd2 Re8 14. Nf1 h6 15.
Ng3 Bf8 16. h3 Be6 17. Bb3 Nbd7 18. Bxe6 fxe6 19. Nh2 a5 20. Ng4 d5 21. Be3 a4
22. b4 axb3 23. axb3 Qb7 24. b4 Qb5 25. Qf3 Be7 26. Rxa8 Rxa8 27. Nxf6+ Nxf6
28. Nh5 Kh7 29. Nxf6+ Bxf6 30. Qg4 d4 1/2-1/2

[Event "BL 8990 Bayern-HSK"]
[Site "?"]
[Date "1989.??.??"]
[Round "?.5"]
[White "Michaelsen, N."]
[Black "Bischoff, K."]
[Result "0-1"]
[WhiteElo "2345"]
[BlackElo "2530"]
[PlyCount "86"]
[EventDate "1989.??.??"]

1. d4 d6 2. Nf3 g6 3. c4 Bg7 4. Nc3 Nf6 5. e4 O-O 6. Be2 e5 7. O-O Nc6 8. d5
Ne7 9. Ne1 Nd7 10. f3 f5 11. g4 Kh8 12. Nd3 Ng8 13. Kh1 a5 14. a3 b6 15. Bd2
Nc5 16. Nxc5 bxc5 17. gxf5 gxf5 18. Rg1 Bd7 19. exf5 Bxf5 20. Ne4 Nf6 21. Bd3
Nxe4 22. fxe4 Bg6 23. Qe2 Qh4 24. Raf1 Rxf1 25. Rxf1 Bh6 26. Bxh6 Qxh6 27. Qf2
Qg5 28. b3 Kg7 29. a4 Qe7 30. Bc2 Rf8 31. Qxf8+ Qxf8 32. Rxf8 Kxf8 33. Kg2 Kg7
34. Kg3 Bh5 35. Kh4 Kh6 36. Kh3 Kg5 37. Kg3 Bg4 38. h3 Bh5 39. h4+ Kg6 40. Kh3
Be2 41. Kg2 Kh5 42. Kf2 Bg4 43. Kg3 h6 0-1

[Event "BL 8990 Bayern-HSK"]
[Site "?"]
[Date "1989.??.??"]
[Round "?.6"]
[White "Hertneck, G."]
[Black "Mueller, Ka"]
[Result "1/2-1/2"]
[WhiteElo "2475"]
[BlackElo "2365"]
[PlyCount "104"]
[EventDate "1989.??.??"]

1. d4 d5 2. c4 e6 3. Nc3 c6 4. Nf3 Nf6 5. Bg5 dxc4 6. e4 b5 7. e5 h6 8. Bh4 g5
9. Nxg5 hxg5 10. Bxg5 Nbd7 11. g3 Qa5 12. exf6 b4 13. Ne4 Ba6 14. Qf3 O-O-O 15.
Be3 Qd5 16. Be2 Bb7 17. Ng5 c5 18. Qxd5 Bxd5 19. Nxf7 cxd4 20. Bxc4 Bxh1 21.
Nxh8 dxe3 22. Nf7 exf2+ 23. Ke2 Bd5 24. Rc1 Bc5 25. Ba6+ Kc7 26. Nxd8 Kxd8 27.
Kf1 e5 28. g4 Be6 29. h3 e4 30. Bc4 Be3 31. Rc2 Bxc4+ 32. Rxc4 Nxf6 33. Rxb4
Bb6 34. a4 e3 35. Rc4 Nd5 36. a5 e2+ 37. Kxe2 f1=Q+ 38. Kxf1 Ne3+ 39. Ke2 Nxc4
40. axb6 axb6 41. b4 Ne5 42. Ke3 Ke7 43. g5 Nc6 44. h4 Nxb4 45. h5 Nd5+ 46. Ke4
Ke6 47. h6 Ne7 48. h7 Ng6 49. Kd4 Nh8 50. Ke4 b5 51. Kd4 Kd6 52. Ke4 Ke6
1/2-1/2

[Event "BL 8990 Bayern-HSK"]
[Site "?"]
[Date "1989.??.??"]
[Round "?.7"]
[White "Sievers, S."]
[Black "Schlosser, P."]
[Result "0-1"]
[WhiteElo "2255"]
[BlackElo "2475"]
[PlyCount "52"]
[EventDate "1989.??.??"]

1. e4 c5 2. Nc3 e6 3. Nf3 a6 4. d4 cxd4 5. Nxd4 d6 6. Be3 b5 7. a4 b4 8. Na2
Nf6 9. f3 Qc7 10. Nxb4 d5 11. Nd3 dxe4 12. fxe4 Nxe4 13. Be2 Nd7 14. Bf3 Bb7
15. Qe2 Bd6 16. O-O-O O-O 17. Rhf1 Rab8 18. Bg1 Ndf6 19. g4 Rfc8 20. g5 Nc3 21.
bxc3 Qxc3 22. Rde1 Be4 23. Kd1 Rb1+ 24. Nc1 Bb4 25. Qe3 Bxf3+ 26. Rxf3 Rxc1+
0-1

[Event "BL 8990 Delmenhorst-Bayern"]
[Site "?"]
[Date "1989.??.??"]
[Round "?.2"]
[White "Hausner, I."]
[Black "Ribli, Z."]
[Result "1/2-1/2"]
[WhiteElo "2440"]
[BlackElo "2605"]
[PlyCount "48"]
[EventDate "1989.??.??"]

1. d4 Nf6 2. c4 e6 3. g3 c5 4. d5 exd5 5. cxd5 d6 6. Nc3 g6 7. Bg2 Bg7 8. Nf3
O-O 9. O-O Nbd7 10. Bf4 Qe7 11. Qd2 Ng4 12. Rab1 b6 13. b4 Ba6 14. Rfc1 Rfe8
15. a4 Nge5 16. a5 cxb4 17. Rxb4 bxa5 18. Rbb1 Nxf3+ 19. Bxf3 Ne5 20. Bxe5 Qxe5
21. Nb5 Bxb5 22. Rxb5 a4 23. Qa2 a6 24. Rb4 a5 1/2-1/2

[Event "BL 8990 Delmenhorst-Bayern"]
[Site "?"]
[Date "1989.??.??"]
[Round "?.3"]
[White "Kindermann, S."]
[Black "Hermann, Man"]
[Result "1/2-1/2"]
[WhiteElo "2530"]
[BlackElo "2360"]
[PlyCount "32"]
[EventDate "1989.??.??"]

1. e4 e5 2. Nf3 Nc6 3. Bb5 f5 4. Nc3 fxe4 5. Nxe4 Nf6 6. Nxf6+ Qxf6 7. Qe2 Be7
8. Bxc6 dxc6 9. Nxe5 Bf5 10. d3 O-O 11. O-O Rae8 12. Bf4 Bc5 13. Rae1 h6 14.
Bg3 Bd4 15. c3 Bxe5 16. Bxe5 Qg6 1/2-1/2

[Event "BL 8990 Delmenhorst-Bayern"]
[Site "?"]
[Date "1989.??.??"]
[Round "?.4"]
[White "Borik, O."]
[Black "Hickl, J."]
[Result "1/2-1/2"]
[WhiteElo "2355"]
[BlackElo "2510"]
[PlyCount "82"]
[EventDate "1989.??.??"]

1. d4 Nf6 2. Nc3 g6 3. e4 d6 4. f4 Bg7 5. Nf3 c5 6. Bb5+ Nfd7 7. Be3 O-O 8. O-O
a6 9. Be2 b5 10. Qd2 Bb7 11. Rad1 b4 12. Na4 Qa5 13. b3 Bxe4 14. a3 Nc6 15.
axb4 cxb4 16. d5 Bxf3 17. Rxf3 Na7 18. f5 Nb5 19. Bh6 Nd4 20. Rh3 Bxh6 21. Rxh6
Nxe2+ 22. Qxe2 Kg7 23. Rh4 Ne5 24. Rdd4 Rh8 25. Qd2 Rab8 26. fxg6 hxg6 27. Rxh8
Rxh8 28. Qxb4 Qc7 29. Qd2 Rh5 30. h3 Qa7 31. Qf2 Rg5 32. Rf4 Qb7 33. Qd2 Rh5
34. Qd4 Kg8 35. Nb6 a5 36. Na4 Qc7 37. c4 Qd7 38. c5 dxc5 39. Nxc5 Qb5 40. d6
exd6 41. Qxd6 Qxc5+ 1/2-1/2

[Event "BL 8990 Delmenhorst-Bayern"]
[Site "?"]
[Date "1989.??.??"]
[Round "?.5"]
[White "Bischoff, K."]
[Black "Schlemermeyer, W."]
[Result "1/2-1/2"]
[WhiteElo "2530"]
[BlackElo "2385"]
[PlyCount "57"]
[EventDate "1989.??.??"]

1. Nf3 d5 2. d4 Nf6 3. c4 c6 4. e3 Bf5 5. Bd3 e6 6. O-O Bxd3 7. Qxd3 Nbd7 8.
Nc3 Bd6 9. e4 Nxe4 10. Nxe4 dxe4 11. Qxe4 O-O 12. Bd2 Re8 13. Bc3 Qe7 14. Rfe1
Bb4 15. Qc2 a5 16. Re2 Bxc3 17. bxc3 b5 18. c5 Nf6 19. Ne5 Rac8 20. a4 b4 21.
cxb4 axb4 22. a5 Nd5 23. Qb2 Qa7 24. Nc4 Rb8 25. Nb6 Red8 26. Re5 Qa6 27. g3
Rb7 28. Nxd5 Rxd5 29. Rxd5 1/2-1/2

[Event "BL 8990 Delmenhorst-Bayern"]
[Site "?"]
[Date "1989.??.??"]
[Round "?.6"]
[White "Wesseln, K."]
[Black "Hertneck, G."]
[Result "0-1"]
[WhiteElo "2315"]
[BlackElo "2475"]
[PlyCount "114"]
[EventDate "1989.??.??"]

1. c4 e5 2. Nc3 Nc6 3. e3 Nf6 4. d4 exd4 5. exd4 d5 6. Nf3 Bb4 7. Bg5 Be6 8. c5
h6 9. Bh4 g5 10. Bg3 Ne4 11. Rc1 h5 12. h4 Nxg3 13. fxg3 g4 14. Ng5 Bxc3+ 15.
bxc3 Bd7 16. Bd3 Qe7+ 17. Kd2 O-O-O 18. Re1 Qf8 19. Qe2 Rh6 20. Qf2 f5 21. Re2
Na5 22. Qf4 Rg6 23. Rce1 Nc4+ 24. Bxc4 dxc4 25. Kc1 Ra6 26. Re7 Re8 27. Rxe8+
Bxe8 28. Nh7 Qg8 29. Re7 Bd7 30. Qe5 Re6 31. Rxe6 Qxe6 32. Qxe6 Bxe6 33. Kd2
Kd8 34. Ke3 Ke7 35. Kf4 Bg8 36. Ng5 Kf6 37. a3 b6 38. cxb6 cxb6 39. Ke3 b5 40.
Kf4 a6 41. Ke3 a5 42. Kf4 Bd5 43. Nh7+ Ke7 44. Ng5 Bxg2 45. Ke3 Bd5 46. Kf4 Bg8
47. Ke3 Kd6 48. Kf4 Kc6 49. Ke3 Kd5 50. Kd2 b4 51. cxb4 axb4 52. axb4 Kxd4 53.
Kc2 Kd5 54. Kb2 Kc6 55. Ka2 c3+ 56. Ka3 Kb6 57. b5 Ka5 0-1